Innovación y transversalidad en el Plan Común Universidad: experiencias y reflexiones de los docentes de la Universidad Católica Silva Henríquez

Guardat en:
Dades bibliogràfiques
Autors principals: Brito Rodríguez, Sonia (Autor), Leal Díaz, Sandra (Autor)
Format: Llibre
Idioma:espanyol
Publicat: Santiago Universidad Católica Silva Henríquez 2015
Edició:1a. ed
Matèries:
Etiquetes: Afegir etiqueta
Sense etiquetes, Sigues el primer a etiquetar aquest registre!

MARC

LEADER 00000cam a2200000 a 4500
001 UCC1189
003 CL-VaPUC
008 171006e20150000cl |||||||||||||||||spa|d
020 |a 9789563410310 
082 0 4 |a 370.118  |b BRI  |2 21 
100 0 |a Brito Rodríguez, Sonia  |e author  |9 595234 
700 0 |a Leal Díaz, Sandra  |e author  |9 595235 
245 1 0 |a Innovación y transversalidad en el Plan Común Universidad: experiencias y reflexiones de los docentes de la Universidad Católica Silva Henríquez 
250 |a 1a. ed 
300 |a 246 p 
942 |c BK 
945 |d 20171006 11:09:00  |a dcastane 
260 |a Santiago  |b Universidad Católica Silva Henríquez  |c 2015 
650 0 |a Procesos de aprendizaje  |9 309161 
650 0 |a Currículo  |9 307290 
650 0 |a Innovaciones pedagógicas  |9 307471 
583 |a last modification  |c 20171006 11:09:00  |k Rodrigo Vera 
999 |c 369759  |d 369757 
952 |0 0  |1 0  |3 erb  |4 0  |6 370_118000000000000_BRI_2015  |7 0  |8 A  |9 485843  |a BIBTEO  |b BIBTEO  |i 5428971  |o 370.118 BRI 2015  |p 5428971  |r 2025-01-17  |w 2019-11-24  |y BK  |z Catalogado en:20171006  |k ICR